One Piece Trivia - Statistics

General Stats
  • This quiz has been taken 59 times
  • The average score is 9 of 15
Answer Stats
Question Answer % Correct
Whose aliases include "God" and "Sogeking"? Usopp
100%
Who successfully held Navy Admiral Kizaru at gunpoint? Ben Beckmann
94%
Who of the following was NOT born a Celestial Dragon? Monkey D. Dragon
94%
Who claimed that "people do not fear God, fear itself is God"? Eneru
81%
To whom was Sanji speaking when he said "When a woman lies, a real man forgives her"? Tony Tony Chopper
75%
Which of the following swords does NOT have a known Meitou rank? Kikoku (Trafalgar Law)
69%
Who was one of Big Mom's "Sweet Four Generals" before being defeated by Urouge? Charlotte Snack
63%
Who assumed the name "Kyoshiro" for two decades after the death of Kozuki Oden? Denjiro
63%
What is the name of Scratchmen Apoo's devil fruit? Tone-Tone fruit
56%
Where were the Rocks pirates formed? Fullalead
50%
Who are the only 2 humans known to be proficient in Fishman Karate? Koala and Nico Robin
50%
Who controlled the entire North Blue before his base at Baltigo was destroyed by the Blackbeard pirates? Monkey D. Dragon
50%
To whom was Nico Robin referring when she said "And you'll never understand just how much it means for him to rely on me"? Sanji
31%
Which of the following is NOT one of Cipher Pol's "Rokushiki" (six powers)? Sky Walk
19%
Which of these is the tallest? Zunesha
6%
No matching quizzes found
Score Distribution
Percent of People with Each Score
Percentile by Number Answered
Your Score History
You have not taken this quiz